| 000 | 00643nam a2200217 4500 | ||
|---|---|---|---|
| 001 | 126329 | ||
| 003 | ES-MaACL | ||
| 005 | 20240522131511.0 | ||
| 007 | t| | ||
| 008 | 070214s1977 sp r ||||1| spa d | ||
| 100 | 1 |
_aReckert, Stephen. _995773 |
|
| 245 | 1 | 0 |
_aGil Vicente _b: espíritu y letra / _cStephen Reckert. |
| 260 |
_aMadrid : _bGredos, _c1977. |
||
| 300 |
_a484 p. ; _c21 cm. |
||
| 490 | 1 |
_aBiblioteca románica hispánica. textos ; _v10 |
|
| 500 | _aI. Estudios. | ||
| 830 | 0 |
_aBiblioteca románica hispánica. IV. Textos ; _v10 _9178362 |
|
| 852 |
_aES-MaACL _jA-6355 _bR.95582 |
||
| 942 | _2udc | ||
| 999 |
_c126329 _d126329 |
||